000 01008nam a2200277Ia 4500
003 OSt
005 20221005110917.0
006 a|||||r|||| 00| 0
007 ta
008 221004b |||||||| |||| 00| 0 hin d
020 _a9788126708994 (hbk)
_c450
024 _a12065
037 _bBR8177, 20/03/2014, Rajkamal Prakashan Pvt. Ltd.
_cTextual
040 _aCRL
_cCRL
_bhin
041 _2hin
_ahin
082 _aO157,3N12,21, 152K8;Q1
100 _aमित्र, विमल
245 0 _aसाहब बीबी गुलाम
246 _aSāhab bībī gulāma
250 _a7 वॉं संस्करण
260 _aनई दिल्ली
_bराजकमल प्रकाशन भारत
_c2011
300 _a407पृ0
_ccm.
650 _aबंगाली साहित्य
942 _hO157,3N12,21, 152K8;Q1
_cTEXL
_2cc
999 _c1020250
_d1020250